[Event "38th Olympiad"]
[Site "Dresden GER"]
[Date "2008.11.14"]
[Round "2"]
[White "Ganguly,S"]
[Black "Agrest,E"]
[Result "1/2-1/2"]
[WhiteElo "2603"]
[BlackElo "2574"]
[EventDate "2008.11.13"]

1. e4 c6 2. d4 d5 3. exd5 cxd5 4. Bd3 Nc6 5. c3 Qc7 6. h3 Nf6 7. Nf3 g6 8.
O-O Bg7 9. Re1 O-O 10. Bg5 Bf5 11. Bxf5 gxf5 12. Bxf6 Bxf6 13. Nbd2 e6 14.
Nf1 Kh8 15. Ng3 Rg8 16. Qd2 Rg6 17. Nh5 Be7 18. Nf4 Rg7 19. Nh5 Rg6 20. Nf4
Rg7 21. Kh1 Rag8 22. g3 Qd8 23. Nh5 Rg6 24. Nf4 R6g7 25. Re2 Bd6 26. b4 Nb8
27. Ne5 Bxe5 28. dxe5 Qc7 29. Nh5 Rg6 30. Nf4 R6g7 31. Nh5 Rg6 32. Nf4
1/2-1/2

[Event "38th Olympiad"]
[Site "Dresden GER"]
[Date "2008.11.14"]
[Round "2"]
[White "Hillarp Persson,T"]
[Black "Geetha Narayanan,G"]
[Result "0-1"]
[WhiteElo "2543"]
[BlackElo "2548"]
[EventDate "2008.11.13"]

1. g3 c5 2. Bg2 g6 3. c4 Bg7 4. Nc3 Nc6 5. a3 b6 6. d3 Bb7 7. e4 e6 8. Nge2
d6 9. Be3 Nd4 10. Qa4+ Bc6 11. Bxd4 Bxa4 12. Bxg7 Bc6 13. Bxh8 f6 14. h4 h5
15. d4 Kf7 16. d5 exd5 17. exd5 Bd7 18. Ne4 Bf5 19. N2c3 Qf8 20. O-O Rd8
21. Rfe1 Qh6 22. Bxf6 Nxf6 23. Ng5+ Kg8 24. Re7 Qf8 25. Rxa7 Rd7 26. Rxd7
Nxd7 27. Re1 Ne5 28. Bf1 Qf6 29. Be2 Nf7 30. Nxf7 Kxf7 31. a4 Qe5 32. Ra1
Kg7 33. a5 bxa5 34. Rxa5 Qd4 35. Ra6 Qd2 36. Rb6 Qe1+ 37. Kg2 Bh3+ 38. Kf3
Bg4+ 39. Ke3 Qc1+ 40. Ke4 Qd2 41. Bxg4 hxg4 42. Nb5 Qe2+ 0-1

[Event "38th Olympiad"]
[Site "Dresden GER"]
[Date "2008.11.19"]
[Round "6"]
[White "Saric,Ib"]
[Black "Ganguly,S"]
[Result "1/2-1/2"]
[WhiteElo "2559"]
[BlackElo "2603"]
[EventDate "2008.11.13"]

1. Nf3 Nf6 2. c4 g6 3. Nc3 d5 4. cxd5 Nxd5 5. Qa4+ Bd7 6. Qh4 Nxc3 7. dxc3
Nc6 8. Bf4 f6 9. Bh6 e5 10. Bxf8 Kxf8 11. Qh6+ Kf7 12. e4 Be6 13. Nd2 Qf8
14. Qe3 Kg7 15. Bb5 Qd6 16. Nc4 Bxc4 17. Bxc4 Rhd8 18. a4 Na5 19. Bd5 Qb6
20. b4 Qxe3+ 21. fxe3 Nc6 22. a5 a6 23. O-O-O Rd6 24. Rd2 Kf8 25. Rhd1 Ke7
26. Kc2 Nd8 27. Bg8 Rxd2+ 28. Rxd2 Ne6 29. Bxh7 Kf7 30. Rd7+ Ke8 31. Rd2
Kf7 32. Rd7+ 1/2-1/2

[Event "38th Olympiad"]
[Site "Dresden GER"]
[Date "2008.11.23"]
[Round "10"]
[White "Navara,D"]
[Black "Sasikiran,K"]
[Result "1/2-1/2"]
[WhiteElo "2633"]
[BlackElo "2694"]
[EventDate "2008.11.13"]

1. e4 c5 2. Nc3 a6 3. Nge2 Nf6 4. g3 d6 5. Bg2 g6 6. d4 Nbd7 7. dxc5 Nxc5
8. Be3 Ncd7 9. O-O Ng4 10. Bc1 Bg7 11. h3 Ngf6 12. Be3 O-O 13. g4 Ne8 14.
Qd2 b5 15. a4 b4 16. Nd5 e6 17. Bg5 f6 18. Be3 a5 19. Ndf4 Ne5 20. b3 Ra6
21. Nd4 Nc7 22. Rad1 Nf7 23. Nb5 Re8 24. Qe2 e5 25. Nxc7 Qxc7 26. Nd5 Qb7
27. Qf3 Kh8 28. Nxf6 Rf8 29. Nd5 Nd8 30. Qg3 Rc6 31. f4 exf4 32. Bxf4 Nf7
33. Ne3 Qb6 34. g5 Rc3 35. Rf2 Be6 36. Bf1 Kg8 37. Kg2 Re8 38. Bd3 Bd4 39.
Rdf1 Bxb3 40. Ng4 Be6 41. Be3 Bxe3 42. Rxf7 Bxg5 43. Nf6+ Bxf6 44. Rxh7
Kxh7 45. Rxf6 Bf5 46. Qh4+ Kg7 47. exf5 Qc6+ 48. Kg1 Qc5+ 49. Kf1 Re1+ 50.
Qxe1 Kxf6 51. Qe6+ Kg5 52. Qe7+ Kf4 53. Qe4+ Kg5 54. Qe7+ Kf4 55. Qe4+ Kg5
56. h4+ Kh6 57. Qe6 Kh5 58. Qe7 Kg4 59. fxg6 Rxd3 60. Qe4+ Kh5 61. Qxd3 Kh6
62. Qe4 d5 63. Qd3 Qc4 64. Ke2 Qg4+ 65. Kd2 d4 66. Kc1 Qxh4 67. Kb2 Qf6 68.
Kb3 Qe6+ 69. Kb2 Qe3 70. Qb5 Qc3+ 71. Kb1 Qe1+ 72. Kb2 Qc3+ 73. Kb1 Qe1+
74. Kb2 Qc3+ 1/2-1/2

[Event "38th Olympiad"]
[Site "Dresden GER"]
[Date "2008.11.23"]
[Round "10"]
[White "Laznicka,V"]
[Black "Ganguly,S"]
[Result "0-1"]
[WhiteElo "2591"]
[BlackElo "2603"]
[EventDate "2008.11.13"]

1. d4 d5 2. c4 dxc4 3. Nf3 Nf6 4. e3 e6 5. Bxc4 a6 6. O-O c5 7. dxc5 Bxc5
8. Qxd8+ Kxd8 9. Be2 Ke7 10. Ne5 Nbd7 11. Nc4 Ne4 12. Nbd2 Ndf6 13. Nb3 Ba7
14. Rd1 Bd7 15. f3 Nc5 16. Nd4 Rac8 17. Kf1 Rhd8 18. e4 Nd3 19. Rxd3 Rxc4
20. Be3 Bb8 21. Rb3 Rc7 22. a4 Ne8 23. a5 f6 24. Rb4 Nd6 25. e5 Nf7 26.
exf6+ gxf6 27. Nb3 Rdc8 28. Rd1 Bc6 29. Bb6 Rd7 30. Rxd7+ Bxd7 31. Bc5+ Bd6
32. Bxd6+ Nxd6 33. Rh4 Rh8 34. Nc5 Bc6 35. Bd3 h6 36. Kf2 f5 37. Ke3 Kf6
38. g4 fxg4 39. fxg4 Nf7 40. Ne4+ Kg7 41. Rh5 Rd8 42. h4 Rb8 43. Nc5 Kf6
44. b4 Rg8 45. Kf4 Bd5 46. Be4 e5+ 47. Kf3 Bxe4+ 48. Nxe4+ Kg7 49. Nc5 Kf6
50. Ne4+ Kg7 51. Rf5 Rd8 52. Nc5 Rd1 53. Ne6+ Kg8 54. g5 Rf1+ 0-1

[Event "38th Olympiad"]
[Site "Dresden GER"]
[Date "2008.11.25"]
[Round "11"]
[White "Ftacnik,L"]
[Black "Harikrishna,P"]
[Result "0-1"]
[WhiteElo "2571"]
[BlackElo "2659"]
[EventDate "2008.11.13"]

1. Nf3 c5 2. c4 b6 3. g3 Bb7 4. Bg2 g6 5. Nc3 Bg7 6. O-O Nf6 7. d4 Ne4 8.
Nxe4 Bxe4 9. dxc5 bxc5 10. Ng5 Bxg2 11. Kxg2 Qc8 12. Qd5 Qc6 13. Rb1 Qxd5+
14. cxd5 Na6 15. Bd2 Rb8 16. Rfc1 O-O 17. b3 d6 18. Rc4 Nc7 19. e4 h6 20.
Nh3 g5 21. Re1 f5 22. Ba5 Nb5 23. f4 Na3 24. Rcc1 Bb2 25. Rcd1 c4 26. exf5
Rb5 27. Bd2 c3 28. Bxc3 Bxc3 29. Rxe7 Rxf5 30. Rxa7 Nc2 31. Rc1 Ne3+ 32.
Kf3 Nxd5 33. Ke4 Rf8 34. fxg5 hxg5 35. a4 Rc5 36. Nxg5 Nb4 37. Rxc3 Rxc3
38. Ne6 d5+ 39. Kd4 Nc6+ 40. Kxc3 Rf3+ 41. Kd2 Nxa7 42. Nd4 Rf2+ 43. Kc3
Kf7 44. b4 Ke7 45. b5 Kd7 46. Kb4 Rxh2 47. Kc5 Nc8 48. a5 Ra2 49. a6 Ra3
50. g4 Rc3+ 51. Kxd5 Rg3 52. Nc6 Kc7 53. Ne5 Kb6 54. Ke6 Kxb5 55. Kf6 Kxa6
56. g5 Kb6 57. g6 Nd6 58. Nd7+ Kc7 59. Nf8 Kd8 60. Ne6+ Ke8 61. Kg7 Ke7 62.
Nf8 Nf5+ 63. Kg8 Rg1 0-1

[Event "38th Olympiad"]
[Site "Dresden GER"]
[Date "2008.11.25"]
[Round "11"]
[White "Ganguly,S"]
[Black "Petrik,T"]
[Result "1-0"]
[WhiteElo "2603"]
[BlackElo "2487"]
[EventDate "2008.11.13"]

1. e4 e6 2. d4 d5 3. Nd2 c5 4. exd5 Qxd5 5. Ngf3 cxd4 6. Bc4 Qd6 7. Qe2 Nf6
8. Nb3 Nc6 9. Bg5 a6 10. O-O-O b5 11. Bd3 Be7 12. Rhe1 Bb7 13. Nfxd4 Nxd4
14. Nxd4 Qd5 15. Nf5 Qxa2 16. Qe5 Qa1+ 17. Kd2 Qa5+ 18. c3 Ne4+ 19. Bxe4
Bxg5+ 20. Ke2 Bxe4 21. Nxg7+ Kf8 22. Qxg5 Qc7 23. Qh6 Qc4+ 24. Ke3 Ke7 25.
Rd4 Qc5 26. Nxe6 Qb6 27. Qg5+ Kxe6 28. Kxe4 f6 1-0

[Event "38th Olympiad"]
[Site "Dresden GER"]
[Date "2008.11.25"]
[Round "11"]
[White "Vavrak,P"]
[Black "Geetha Narayanan,G"]
[Result "1/2-1/2"]
[WhiteElo "2478"]
[BlackElo "2548"]
[EventDate "2008.11.13"]

1. d4 Nf6 2. c4 g6 3. g3 Bg7 4. Bg2 d5 5. cxd5 Nxd5 6. e4 Nb6 7. Ne2 c5 8.
d5 e6 9. O-O O-O 10. Nbc3 Na6 11. Nf4 exd5 12. Nfxd5 Nb4 13. Be3 N6xd5 14.
Nxd5 Nxd5 15. exd5 b6 16. Qb3 Bf5 17. Rfd1 Qd7 18. d6 Rac8 19. a4 Rfe8 20.
Qb5 h6 21. Rd2 c4 22. Rc1 Red8 23. Qb4 Be6 24. a5 bxa5 25. Qxa5 Rb8 26. Bd5
Qb5 27. Qxb5 Rxb5 28. Bxc4 Rxb2 29. Bxe6 Rxd2 30. Bxd2 Rxd6 31. Rc8+ Kh7
32. Bxf7 Rxd2 33. Bg8+ Kh8 34. Bf7+ Kh7 35. Rc6 Bd4 36. Bxg6+ Kg7 37. Be4
Rxf2 38. Rg6+ Kf7 39. Kh1 Re2 40. Bf5 Rf2 41. g4 h5 42. Rd6 Be5 43. Ra6
Rxh2+ 44. Kg1 hxg4 45. Rxa7+ Kf6 46. Bxg4 Rh4 47. Ra6+ 1/2-1/2